000 00674nam a2200253Ia 4500
003 OSt
005 20221006141856.0
006 a|||||r|||| 00| 0
007 ta
008 221006b |||||||| |||| 00| 0 eng d
020 _c60.46
024 _a4,540
037 _cTextual
040 _aEASL
_cEASL
_beng
041 _2eng
_aeng
082 _aV41aN75, L8
100 _aSHULMAN Frank Joseph
_9646433
245 0 _aDoctoral dissertations on China 1971-75
260 _aWashington
_bUniv. of Washington Press
_c1978
300 _a330p.
_ccm.
490 _v BB
942 _hV41aN75, L8
_cTEXL
_2CC
999 _c1072626
_d1072626